The Underworld - Epic the Musical - Statistiques

Statistiques générales
  • Ce quiz a été pris 51 fois
  • Le résultat moyen est 304 sur 346
Statistiques - réponses
Hint Answerfind % Correct
a
100%
All
100%
My
100%
my
100%
are
97%
be
97%
close
97%
dream
97%
every
97%
eyes
97%
hear
97%
I
97%
is
97%
long
97%
longer
97%
No
97%
no
97%
screams
97%
the
97%
time
97%
to
97%
we
97%
The dead crew When
97%
when
97%
who
97%
you
97%
ahead
93%
arms
93%
Circe's
93%
clear
93%
died
93%
find
93%
The crew | the crew Full
93%
i'll
93%
I'll
93%
in
93%
it
93%
mercy
93%
Odysseus Mom
93%
mom
93%
night
93%
Odysseus
93%
open
93%
speed
93%
under
93%
Anticlea | Anticlea and Odysseus Waiting
93%
waiting
93%
what
93%
Why
93%
amazing
90%
Captain
90%
come
90%
cyclops
90%
dare
90%
Odysseus Good
90%
greet
90%
Greet
90%
heart
90%
home
90%
instructions
90%
let
90%
life
90%
live
90%
matter
90%
of
90%
prophet
90%
ruthlessness
90%
this
90%
Polites | The crew This
90%
too
90%
took
90%
Underworld
90%
underworld
90%
Odysseus Until
90%
were
90%
we're
90%
with
90%
your
90%
Your
90%
always
86%
behind
86%
can
86%
Odysseus Friends
86%
from
86%
men
86%
Odysseus Polites
86%
see
86%
that
86%
Odysseus That
86%
if
83%
love
83%
nightmares
83%
past
83%
would
83%
become
79%
can't
79%
command
79%
does
79%
Even
79%
Five
79%
man
79%
monster
79%
only
79%
Only
79%
seems
79%
those
79%
world
79%
Odysseus Bye
76%
here
76%
hundred
76%
Odysseus I'm
76%
infant
76%
leading
76%
right
76%
So
76%
thinking
76%
The crew But
72%
comrades
72%
confuses
72%
eight
72%
last
72%
mind
72%
stay
72%
voice
72%
fifty
69%
Nothing's
69%
thing
69%
you're
69%
Odysseus And
66%
Down
66%
face
66%
far
66%
keep
66%
place
66%
up
66%
we'll
66%
who've
66%
fine
62%
land
62%
Polites Whatever
59%
light
52%
Odysseus While
52%
how
48%
start
48%
ventured
48%
here's
45%
Aucun quiz correspondant
Distribution des résultats
% des personnes avec chaque résultat
Percentile par nombre de réponses
Votre historique - résultats
Vous n’avez pas pris ce quiz